[Event "Albrecht-Beer-Turnier Gera"]
[Site "Gera"]
[Date "2024.10.03"]
[Round "1.1"]
[White "Brunen, Raul"]
[Black "Richter, Michael"]
[Result "0-1"]
[WhiteElo "1791"]
[BlackElo "2420"]
[PlyCount "50"]
[EventDate "2024.10.03"]
[WhiteTeam "SC Reichenbach"]
[BlackTeam "SK König Tegel 1949"]

1. e4 c6 2. d4 d5 3. exd5 cxd5 4. Bd3 Nc6 5. c3 Nf6 6. Bf4 Bg4 7. Nf3 e6 8.
Nbd2 Bd6 9. Bxd6 Qxd6 10. O-O O-O 11. Re1 Bh5 12. Rc1 Rfd8 13. Bb1 b5 14. Nb3
Rab8 15. h3 a5 16. Re3 a4 17. Nc5 Bg6 18. Bxg6 hxg6 19. Qe2 Re8 20. Kf1 Nd7 21.
Nd3 b4 22. Nfe5 bxc3 23. Nxc6 Qxc6 24. bxc3 Rb7 25. Nb4 Rxb4 0-1

[Event "Albrecht-Beer-Turnier Gera"]
[Site "Gera"]
[Date "2024.10.03"]
[Round "1.2"]
[White "Langheinrich, Ferenc"]
[Black "Stolz, Markus"]
[Result "1-0"]
[WhiteElo "2335"]
[BlackElo "1791"]
[PlyCount "67"]
[EventDate "2024.10.03"]
[WhiteTeam "ESV Nickelhütte Aue"]
[BlackTeam "TSG Apolda"]

1. e4 c5 2. Nf3 e6 3. g3 Nc6 4. Bg2 Nf6 5. Nc3 d5 6. exd5 Nxd5 7. O-O Nxc3 8.
bxc3 Be7 9. d4 cxd4 10. cxd4 O-O 11. c4 Bf6 12. Bb2 Rb8 13. Re1 b6 14. Rc1 Na5
15. Ne5 Bb7 16. d5 exd5 17. cxd5 Bxe5 18. Rxe5 Rc8 19. Rxc8 Bxc8 20. Qd4 f6 21.
Re1 Re8 22. Rc1 Qd6 23. h4 Bd7 24. Bc3 Rc8 25. Re1 Nc4 26. f4 Kf7 27. h5 Qc5
28. Qxc5 bxc5 29. h6 g6 30. d6 Nxd6 31. Bd5+ Kf8 32. Bxf6 Nf7 33. Bg7+ Kg8 34.
Re7 1-0

[Event "Albrecht-Beer-Turnier Gera"]
[Site "Gera"]
[Date "2024.10.03"]
[Round "1.3"]
[White "Kroh, Christian"]
[Black "Thielsch, Norman"]
[Result "0-1"]
[WhiteElo "1785"]
[BlackElo "2323"]
[PlyCount "126"]
[EventDate "2024.10.03"]
[WhiteTeam "TSG Apolda"]
[BlackTeam "Chemnitzer SC Aufbau`95"]

1. d4 d5 2. Nf3 Nf6 3. e3 c5 4. c4 cxd4 5. exd4 Nc6 6. Nc3 Bg4 7. Be3 e6 8. Be2
dxc4 9. Bxc4 Rc8 10. Be2 Bd6 11. O-O O-O 12. Nd2 Bxe2 13. Qxe2 Bb8 14. Nf3 Nd5
15. Rac1 Nce7 16. Bg5 Qa5 17. Bxe7 Nxe7 18. Qb5 Qxb5 19. Nxb5 Rcd8 20. Rfd1 a6
21. Nc3 Bf4 22. Rc2 Rc8 23. Re2 Rfd8 24. g3 Bb8 25. Red2 Nd5 26. Nxd5 Rxd5 27.
Kf1 Ba7 28. Ke2 f6 29. Ne1 Rcd8 30. Nf3 Kf7 31. Rd3 R8d7 32. R1d2 h5 33. h3 Rb5
34. Rc2 Bb6 35. b3 Rbd5 36. Rcd2 Ba5 37. Rd1 Rc7 38. a3 Rc2+ 39. Ke3 Bb6 40.
R1d2 Rc1 41. Ke2 g5 42. g4 h4 43. Rd1 Rc6 44. R1d2 Ba5 45. b4 Bc7 46. Ne1 Rcd6
47. Nf3 Rd7 48. Rd1 Bf4 49. Ne1 Rc7 50. Ng2 Rc2+ 51. Kf3 Bc1 52. Ne3 Bxe3 53.
Kxe3 f5 54. R1d2 Rxd2 55. Rxd2 fxg4 56. hxg4 e5 57. Rc2 exd4+ 58. Ke4 d3 59.
Rd2 Rd8 60. f4 h3 61. fxg5 h2 62. Rxh2 d2 63. Rh7+ Kg8 0-1

[Event "Albrecht-Beer-Turnier Gera"]
[Site "Gera"]
[Date "2024.10.03"]
[Round "1.4"]
[White "Kapp, Martin"]
[Black "Weinitschke, Daniel"]
[Result "1-0"]
[WhiteElo "2193"]
[BlackElo "1780"]
[PlyCount "57"]
[EventDate "2024.10.03"]
[WhiteTeam "SV Eiche Reichenbrand"]
[BlackTeam "Krostitzer SV"]

1. d4 e6 2. c4 d5 3. Nc3 Nf6 4. Bg5 Be7 5. e3 h6 6. Bh4 O-O 7. Nf3 dxc4 8. Bxc4
Nc6 9. Rc1 a6 10. Bd3 Nb4 11. Bb1 b6 12. a3 Nc6 13. Ne2 Bb7 14. Bxf6 Bxf6 15.
Rxc6 Bxc6 16. Qc2 g6 17. Qxc6 Qd6 18. Be4 Rad8 19. O-O Be7 20. Ne5 Kg7 21. Rc1
Bf6 22. f4 Bxe5 23. fxe5 Qd7 24. Nf4 Qe7 25. Rf1 a5 26. Bxg6 fxg6 27. Nxe6+ Kg8
28. Nxf8 Rxf8 29. Qxg6+ 1-0

[Event "Albrecht-Beer-Turnier Gera"]
[Site "Gera"]
[Date "2024.10.03"]
[Round "1.5"]
[White "Czäczine, Laura"]
[Black "Czäczine, Anne"]
[Result "0-1"]
[WhiteElo "1777"]
[BlackElo "2184"]
[PlyCount "74"]
[EventDate "2024.10.03"]
[WhiteTeam "Chemnitzer SC Aufbau`95"]
[BlackTeam "Chemnitzer SC Aufbau`95"]

1. e4 c5 2. Nf3 d6 3. d4 cxd4 4. c3 dxc3 5. Nxc3 Nc6 6. Bc4 Nf6 7. O-O a6 8. a3
e6 9. Bg5 Be7 10. Qe2 O-O 11. Rfd1 Qc7 12. Rac1 Bd7 13. b4 Rac8 14. Ba2 Rfd8
15. b5 axb5 16. Nxb5 Qb8 17. Bxf6 gxf6 18. Qd2 Ne5 19. Nfd4 Rc5 20. a4 Rdc8 21.
Rb1 Kh8 22. Rb3 Rg8 23. Rh3 Rg7 24. f4 Ng4 25. Bb1 d5 26. exd5 Bxb5 27. axb5
Rxd5 28. Qc2 f5 29. Rc3 Qa7 30. Rc8+ Rg8 31. Qc3 Bf6 32. Rc4 Rgd8 33. Kf1 Rxd4
34. Rdxd4 Rxd4 35. Rc8+ Kg7 36. Qg3 Rd1+ 37. Ke2 Rxb1 0-1

[Event "Albrecht-Beer-Turnier Gera"]
[Site "Gera"]
[Date "2024.10.03"]
[Round "1.6"]
[White "Philipp, Mathias"]
[Black "Fadeev, Justin Michael"]
[Result "1-0"]
[WhiteElo "2175"]
[BlackElo "1776"]
[PlyCount "109"]
[EventDate "2024.10.03"]
[WhiteTeam "SSV Vimaria 91 Weimar"]
[BlackTeam "Barnimer SF"]

1. e4 e6 2. d4 d5 3. e5 c5 4. c3 Qb6 5. Nf3 Nc6 6. a3 c4 7. Be2 Bd7 8. Nbd2 Na5
9. Rb1 Qc7 10. O-O h6 11. Re1 O-O-O 12. Nf1 Nb3 13. h4 Ba4 14. Bf4 Qc6 15. Ng3
Ne7 16. Bf1 Ng6 17. Bc1 Kb8 18. Qe2 Be7 19. h5 Nh4 20. Be3 g6 21. Nxh4 Bxh4 22.
Nh1 Rdg8 23. g3 Be7 24. Bh3 Qe8 25. hxg6 Rxg6 26. Bg4 Bd7 27. Bh5 Rg7 28. Kh2
Bg5 29. f4 Bd8 30. Rg1 Qe7 31. Rbf1 f5 32. exf6 Qxf6 33. Nf2 Be8 34. Bxe8 Rxe8
35. Nh3 Reg8 36. g4 Bc7 37. Qf3 Rf8 38. Kh1 Qh4 39. Rg2 Rgf7 40. Kg1 Rg8 41.
Rff2 Rfg7 42. g5 hxg5 43. Nxg5 a6 44. Kf1 Qh1+ 45. Rg1 Qxf3 46. Rxf3 Bd8 47.
Rh1 Bxg5 48. fxg5 Kc7 49. Rf6 Kd7 50. Rhh6 Re8 51. Bf4 Ree7 52. g6 Na5 53. Rh8
Nb3 54. Bh6 Nd2+ 55. Bxd2 1-0

[Event "Albrecht-Beer-Turnier Gera"]
[Site "Gera"]
[Date "2024.10.03"]
[Round "1.7"]
[White "Kötz, Michael"]
[Black "Schulz, Karsten"]
[Result "0-1"]
[WhiteElo "1772"]
[BlackElo "2166"]
[PlyCount "120"]
[EventDate "2024.10.03"]
[WhiteTeam "Einheit Börnichen"]
[BlackTeam "SF Schwerin"]

1. c4 g6 2. Nc3 Bg7 3. g3 c5 4. Bg2 Nc6 5. Nf3 e6 6. e4 Nge7 7. O-O O-O 8. d3
d6 9. Rb1 b6 10. a3 Bb7 11. Qc2 Qd7 12. b4 Rac8 13. b5 Nd4 14. Nxd4 cxd4 15.
Ne2 d5 16. Qd2 dxc4 17. dxc4 Rxc4 18. Bb2 Rfc8 19. Rfc1 Qxb5 20. Bxd4 Rxc1+ 21.
Rxc1 Rxc1+ 22. Nxc1 Qd7 23. Bc3 Qxd2 24. Bxd2 Bb2 25. Bb4 Nc6 26. Nd3 Nxb4 27.
Nxb2 Nc2 28. a4 Kf8 29. e5 Bxg2 30. Kxg2 Ne1+ 31. Kh3 Ke7 32. f4 h5 33. g4
hxg4+ 34. Kxg4 Nc2 35. Nc4 Nd4 36. Nd6 Nb3 37. Nc8+ Kf8 38. Nxa7 Nc5 39. Kg5
Kg7 40. h4 Nxa4 41. Nb5 Nc5 42. Nd6 Nd3 43. Ne8+ Kf8 44. Nd6 Nf2 45. h5 gxh5
46. Kxh5 Nd3 47. Kg5 Nb4 48. f5 Nd5 49. f6 Nc7 50. Kf4 b5 51. Ke3 Kg8 52. Kd3
b4 53. Kc2 Nd5 54. Kb3 Nf4 55. Nc4 Nd3 56. Kc2 Nc5 57. Kb2 Kh7 58. Na5 Nd3+ 59.
Kb3 Nxe5 60. Kxb4 Kg6 0-1

[Event "Albrecht-Beer-Turnier Gera"]
[Site "Gera"]
[Date "2024.10.03"]
[Round "1.8"]
[White "Torosyan, Bagrat"]
[Black "Tittmann, Julian"]
[Result "1-0"]
[WhiteElo "2164"]
[BlackElo "1767"]
[PlyCount "55"]
[EventDate "2024.10.03"]
[WhiteTeam "TSG Oberschöneweide e.V."]
[BlackTeam "fuß brothers Jena"]

1. Nf3 Nf6 2. g3 e6 3. Bg2 Be7 4. O-O O-O 5. c4 d5 6. Nc3 b6 7. cxd5 exd5 8. d4
Bb7 9. Ne5 Nbd7 10. Bg5 Nxe5 11. dxe5 Ne4 12. Nxe4 dxe4 13. Bf4 g5 14. Be3 Qd5
15. Qc1 Qxe5 16. h4 gxh4 17. Bf4 Qh5 18. Qxc7 h3 19. Qxe7 hxg2 20. Kxg2 Bc8 21.
Rh1 Qg6 22. Rh6 Qg4 23. Rah1 Bf5 24. R1h5 Bg6 25. Rg5 Qxe2 26. Rgxg6+ hxg6 27.
Qf6 Qf3+ 28. Kg1 1-0

[Event "Albrecht-Beer-Turnier Gera"]
[Site "Gera"]
[Date "2024.10.03"]
[Round "1.9"]
[White "Kutlar, Aras"]
[Black "Zipfel, Frank"]
[Result "1/2-1/2"]
[WhiteElo "1759"]
[BlackElo "2154"]
[PlyCount "59"]
[EventDate "2024.10.03"]
[WhiteTeam "Hamburger SK von 1830"]
[BlackTeam "fuß brothers Jena"]

1. e4 c5 2. Nf3 Nc6 3. Bb5 Nf6 4. e5 Nd5 5. O-O g6 6. Nc3 Nc7 7. Bxc6 dxc6 8.
d4 cxd4 9. Nxd4 Bg7 10. f4 Ne6 11. Nxe6 Bxe6 12. Be3 Qxd1 13. Raxd1 Bf5 14. Rd2
b6 15. Rfd1 g5 16. g3 gxf4 17. Bxf4 f6 18. Re1 Rd8 19. Rde2 h5 20. exf6 Bxf6
21. Be5 O-O 22. Bxf6 exf6 23. Rf2 Bg4 24. Re7 Rd7 25. Rxd7 Bxd7 26. Rd2 Bf5 27.
Kf2 Kf7 28. Kf3 Re8 29. Kf4 Kg6 30. Re2 1/2-1/2

[Event "Albrecht-Beer-Turnier Gera"]
[Site "Gera"]
[Date "2024.10.03"]
[Round "1.10"]
[White "Schuricht, Emil Frederick"]
[Black "Czäczine, Paula"]
[Result "1-0"]
[WhiteElo "2145"]
[BlackElo "1757"]
[PlyCount "41"]
[EventDate "2024.10.03"]
[WhiteTeam "Krefelder SK Turm 1851"]
[BlackTeam "Chemnitzer SC Aufbau`95"]

1. c4 e6 2. Nf3 d5 3. g3 Nf6 4. Bg2 Be7 5. O-O O-O 6. d4 dxc4 7. Qc2 a6 8. a4
Nc6 9. Qxc4 Qd7 10. Rd1 Rd8 11. Bf4 Rb8 12. Nc3 b6 13. Ne5 Nxe5 14. dxe5 Nd5
15. e4 g5 16. Bc1 b5 17. axb5 axb5 18. Qb3 c5 19. exd5 c4 20. Qc2 b4 21. dxe6
1-0

[Event "Albrecht-Beer-Turnier Gera"]
[Site "Gera"]
[Date "2024.10.03"]
[Round "1.11"]
[White "Härtel, Ben"]
[Black "Herrmann, Jakob"]
[Result "0-1"]
[WhiteElo "1753"]
[BlackElo "2142"]
[PlyCount "62"]
[EventDate "2024.10.03"]
[WhiteTeam "SC Reichenbach"]
[BlackTeam "SAV Torgelow-Drögeheide 90"]

1. d4 d5 2. c4 e6 3. Nc3 c6 4. cxd5 exd5 5. Qc2 Bd6 6. e3 Nf6 7. Bd3 O-O 8. h3
Re8 9. Nf3 Qe7 10. O-O Nbd7 11. Bd2 Ne4 12. Rab1 a5 13. a3 Ndf6 14. Rfc1 Bf5
15. Be1 Qd7 16. b4 Bxh3 17. gxh3 Qxh3 18. Qd1 Ng4 19. Rb2 Re6 20. Nxe4 dxe4 21.
Ng5 Qh2+ 22. Kf1 Qh1+ 23. Ke2 exd3+ 24. Qxd3 Qh5 25. Nf3 Nh2 26. bxa5 Nxf3 27.
Kd1 Nxd4+ 28. Kd2 Qxa5+ 29. Qc3 Nf3+ 30. Ke2 Qh5 31. Kd3 Rxa3 0-1

[Event "Albrecht-Beer-Turnier Gera"]
[Site "Gera"]
[Date "2024.10.03"]
[Round "1.13"]
[White "Zakirov, Nikita"]
[Black "Dettmann, Gerd"]
[Result "0-1"]
[WhiteElo "1750"]
[BlackElo "2105"]
[PlyCount "60"]
[EventDate "2024.10.03"]
[WhiteTeam "SVG CAISSA Kassel"]
[BlackTeam "SG Güstrow/Teterow"]

1. d4 Nf6 2. Nf3 d5 3. Bf4 e6 4. h3 Bd6 5. e3 Bxf4 6. exf4 O-O 7. Bd3 b6 8. O-O
Ba6 9. Ne5 c5 10. c3 Qd6 11. Bxa6 Nxa6 12. a3 Rfc8 13. Nd2 Rc7 14. Qe2 Nb8 15.
Rac1 Nbd7 16. g4 Nf8 17. Qd3 N6d7 18. Qg3 Rac8 19. Ndf3 f6 20. Nxd7 Rxd7 21. h4
Ng6 22. f5 exf5 23. gxf5 Nf4 24. Rc2 Re8 25. Re1 Re4 26. Kf1 Qe7 27. Rcc1 Nd3
28. Rxe4 dxe4 29. Rd1 Nxb2 30. Re1 Nc4 0-1

[Event "Albrecht-Beer-Turnier Gera"]
[Site "Gera"]
[Date "2024.10.03"]
[Round "1.14"]
[White "Carnot, Luca"]
[Black "John, Linnea"]
[Result "1-0"]
[WhiteElo "2073"]
[BlackElo "1749"]
[PlyCount "97"]
[EventDate "2024.10.03"]
[WhiteTeam "TSG Apolda"]
[BlackTeam "SV Königsjäger Süd-West"]

1. d4 d5 2. Nf3 Nf6 3. e3 e6 4. Bd3 Be7 5. O-O O-O 6. b3 c5 7. Bb2 Nbd7 8. Nbd2
a6 9. Ne5 cxd4 10. exd4 Nxe5 11. dxe5 Nd7 12. c4 Nb6 13. Qc2 h6 14. Rfd1 Bd7
15. Rac1 Rc8 16. Qb1 Bg5 17. cxd5 Rxc1 18. Bxc1 Nxd5 19. Ne4 Bxc1 20. Qxc1 Qa5
21. Qb2 Bc6 22. Nd6 Nc3 23. Re1 Nxa2 24. Ra1 Qc3 25. Qxc3 Nxc3 26. Rc1 Nd5 27.
Bxa6 Nf4 28. g3 Nh3+ 29. Kf1 Bd5 30. Bxb7 Bxb3 31. f4 g5 32. Bg2 g4 33. Ne4 Kg7
34. Nf6 Ba4 35. Nxg4 Bb5+ 36. Ke1 Ng1 37. Kf2 Ne2 38. Rc5 Ba6 39. Bf1 Rd8 40.
Ke1 Rb8 41. Bxe2 Rb1+ 42. Bd1 Rb2 43. Rc2 Rb1 44. Nf6 Bb5 45. Rd2 Ba4 46. h4
Bc6 47. h5 Bf3 48. Rd8 Bxd1 49. Rg8# 1-0

[Event "Albrecht-Beer-Turnier Gera"]
[Site "Gera"]
[Date "2024.10.03"]
[Round "1.16"]
[White "Buzzoni, Eugenio"]
[Black "Naumann, Thomas"]
[Result "1-0"]
[WhiteElo "2060"]
[BlackElo "1745"]
[PlyCount "57"]
[EventDate "2024.10.03"]
[WhiteTeam "SF Berlin 1903"]
[BlackTeam "ESV Lok Döbeln"]

1. b3 d5 2. Bb2 Bf5 3. e3 e6 4. Nf3 Nf6 5. c4 c6 6. Be2 Be7 7. Nh4 Bg6 8. Nc3
dxc4 9. Nxg6 hxg6 10. bxc4 Nbd7 11. d4 Qc7 12. g3 Rd8 13. Qc2 Nh5 14. Bf3 f5
15. Rd1 Nhf6 16. e4 Kf7 17. Kf1 Nb6 18. Qe2 Rhe8 19. Kg2 g5 20. h3 c5 21. Nb5
Qb8 22. exf5 exf5 23. d5 Bf8 24. Qc2 a6 25. Na3 g6 26. Bxf6 Kxf6 27. Qb2+ Re5
28. Qxb6+ Rd6 29. Qb2 1-0

[Event "Albrecht-Beer-Turnier Gera"]
[Site "Gera"]
[Date "2024.10.03"]
[Round "1.17"]
[White "Stiehler, Klaus"]
[Black "Piotraschke, Jens"]
[Result "1/2-1/2"]
[WhiteElo "1744"]
[BlackElo "2059"]
[PlyCount "136"]
[EventDate "2024.10.03"]
[WhiteTeam "Muldental Wilkau-Haßlau"]
[BlackTeam "TuS Coswig 1920"]

1. e4 c6 2. d3 d5 3. Nd2 e5 4. Ngf3 Bd6 5. d4 exd4 6. Bd3 Bg4 7. Qe2 Ne7 8.
exd5 cxd5 9. h3 Bh5 10. g4 Bg6 11. Bxg6 hxg6 12. Nxd4 Nbc6 13. N2f3 Qd7 14. Be3
O-O-O 15. O-O-O Rhe8 16. Qb5 Nxd4 17. Nxd4 Qc7 18. Rd3 a6 19. Qb3 Kb8 20. Ne2
Qc4 21. Rhd1 Qxb3 22. Rxb3 Rh8 23. Rbd3 Ka8 24. Bf4 Bxf4+ 25. Nxf4 g5 26. Nxd5
Rxd5 27. Rxd5 Nxd5 28. Rxd5 Rxh3 29. Rxg5 Rh2 30. Rf5 f6 31. Kd2 Rg2 32. Rf4 g5
33. Rxf6 Rxg4 34. Rf3 Re4 35. Kd3 Re5 36. Re3 Rf5 37. f3 Rf4 38. Re8+ Ka7 39.
Ke3 Rc4 40. c3 Rc5 41. Ke4 Rc4+ 42. Ke3 Rc5 43. Rd8 Rf5 44. c4 Re5+ 45. Kf2 Rc5
46. b3 Kb6 47. Rd5 Rc7 48. Rxg5 Rh7 49. f4 Rh2+ 50. Ke3 Rxa2 51. f5 Ra1 52. Kd4
Rd1+ 53. Ke5 Re1+ 54. Kd6 Rd1+ 55. Ke7 Re1+ 56. Kf8 Re3 57. f6 Rxb3 58. Kg7 Kc6
59. f7 Rf3 60. Rg6+ Kc5 61. Rf6 Rg3+ 62. Kf8 Rh3 63. Ke7 Rh7 64. Ke8 Rxf7 65.
Kxf7 b5 66. cxb5 axb5 67. Rf4 b4 68. Ke6 b3 1/2-1/2

[Event "Albrecht-Beer-Turnier Gera"]
[Site "Gera"]
[Date "2024.10.03"]
[Round "1.18"]
[White "Ahmed, Daniel"]
[Black "Große, Philipp"]
[Result "1-0"]
[WhiteElo "2046"]
[BlackElo "1743"]
[PlyCount "71"]
[EventDate "2024.10.03"]
[WhiteTeam "SV Motor Zeitz"]
[BlackTeam "Krostitzer SV"]

1. d4 Nf6 2. c4 e6 3. Nf3 d5 4. Nc3 c5 5. e3 Nc6 6. a3 cxd4 7. exd4 Be7 8. Be2
dxc4 9. Bxc4 O-O 10. O-O a6 11. Ba2 b5 12. Be3 Bb7 13. Rc1 Rc8 14. Bb1 Nd5 15.
Ne4 h6 16. Qd3 f5 17. Nc5 Bxc5 18. dxc5 b4 19. Rfd1 Qf6 20. Ba2 Rfd8 21. Bxd5
Rxd5 22. Qb3 Rcd8 23. Rxd5 Rxd5 24. axb4 f4 25. Bd2 Rxd2 26. Nxd2 Nd4 27. Qd3
f3 28. gxf3 Qg5+ 29. Kf1 Nxf3 30. c6 Nxd2+ 31. Ke2 Qe5+ 32. Kxd2 Qf4+ 33. Kd1
Qg4+ 34. Ke1 Qxb4+ 35. Kf1 Qxb2 36. Rb1 1-0

[Event "Albrecht-Beer-Turnier Gera"]
[Site "Gera"]
[Date "2024.10.03"]
[Round "1.19"]
[White "Bergmann, Rafael Antonio"]
[Black "Pietzsch, Manuel"]
[Result "0-1"]
[WhiteElo "1738"]
[BlackElo "2042"]
[PlyCount "60"]
[EventDate "2024.10.03"]
[WhiteTeam "TSG Oberschöneweide"]
[BlackTeam "SV Motor Zeitz"]

1. e4 c5 2. Nf3 Nc6 3. d4 cxd4 4. Nxd4 Nf6 5. Nc3 e5 6. Ndb5 d6 7. Bg5 a6 8.
Na3 b5 9. Nd5 Be7 10. Bxf6 Bxf6 11. c4 b4 12. Nc2 Rb8 13. Qd3 Bg5 14. Qb3 O-O
15. Be2 f5 16. h4 Bh6 17. c5 Kh8 18. exf5 Bxf5 19. g4 Na5 20. Qg3 Bf4 21. Nxf4
exf4 22. Qxf4 Bxc2 23. Qxd6 Qe8 24. Qxa6 Rf6 25. Qxa5 Re6 26. O-O Rxe2 27. Qc7
Rc8 28. Qb6 Qe4 29. f3 Qe3+ 30. Kh1 Be4 0-1

[Event "Albrecht-Beer-Turnier Gera"]
[Site "Gera"]
[Date "2024.10.03"]
[Round "1.20"]
[White "Steinbacher, Claudia"]
[Black "Skibbe, Peter"]
[Result "1-0"]
[WhiteElo "2041"]
[BlackElo "1738"]
[PlyCount "83"]
[EventDate "2024.10.03"]
[WhiteTeam "Rodewischer Schachmiezen"]
[BlackTeam "ESV Gera"]

1. d4 d5 2. c4 c6 3. Nc3 dxc4 4. a4 Nf6 5. Nf3 Bf5 6. e3 Bd3 7. Bxd3 cxd3 8.
Qxd3 e6 9. O-O Bb4 10. e4 h6 11. Bf4 Nbd7 12. Rfd1 Qa5 13. Ne2 O-O 14. Ng3 Nh5
15. Nxh5 Qxh5 16. h3 Rac8 17. Bg3 Be7 18. a5 Rfd8 19. Qb3 Qb5 20. Qxb5 cxb5 21.
d5 exd5 22. exd5 Bf6 23. a6 b6 24. Nd4 Bxd4 25. Rxd4 Rc4 26. Rd2 Nc5 27. Ra3
Ne4 28. Rd1 Rc2 29. Rb3 Nc5 30. Rxb5 Nxa6 31. Ra1 Nc7 32. Rb3 Nxd5 33. Rxa7
Rc1+ 34. Kh2 Nf6 35. Bf4 Rc6 36. Rb7 Nd5 37. Be5 Re8 38. Bd4 Re2 39. Rg3 Rg6
40. Rxg6 fxg6 41. Rxg7+ Kf8 42. Rxg6 1-0

[Event "Albrecht-Beer-Turnier Gera"]
[Site "Gera"]
[Date "2024.10.03"]
[Round "1.21"]
[White "Ali, Maha"]
[Black "Puschendorf, Steffen"]
[Result "0-1"]
[WhiteElo "1725"]
[BlackElo "2032"]
[PlyCount "114"]
[EventDate "2024.10.03"]
[WhiteTeam "SC Kreuzberg"]
[BlackTeam "ESV Gera"]

1. d4 d5 2. c4 e6 3. Nc3 c6 4. e4 dxe4 5. Nxe4 Bb4+ 6. Bd2 Qxd4 7. Bxb4 Qxe4+
8. Ne2 Na6 9. Bf8 Ne7 10. Bxe7 Kxe7 11. Qd2 f6 12. Rd1 Qe5 13. b4 Qc7 14. b5
cxb5 15. cxb5 Nc5 16. Ng3 b6 17. Bc4 Qe5+ 18. Ne2 Bb7 19. O-O Rad8 20. Qb4 Qe4
21. f3 Qe3+ 22. Kh1 Rxd1 23. Rxd1 Rd8 24. Rxd8 Kxd8 25. Qb1 g6 26. Qd1+ Ke7 27.
Nd4 Qc3 28. Be2 e5 29. Nc6+ Bxc6 30. bxc6 Qd4 31. Qc1 Kd6 32. Bb5 Kc7 33. h3 a6
34. Bc4 g5 35. Qf1 Kxc6 36. Bxa6 Qa4 37. Bc4 h5 38. Qc1 h4 39. Bf7 b5 40. Qd2
Qd4 41. Be8+ Kb6 42. Qc2 e4 43. Qe2 Qc4 44. Qf2 Qc1+ 45. Kh2 Qf4+ 46. Kg1 Qe5
47. Bf7 e3 48. Qe2 Qd4 49. Be8 Qd3 50. Qe1 Ne6 51. Bf7 Nf4 52. Bb3 Qe2 53. Qf1
Qxf1+ 54. Kxf1 b4 55. Ke1 Kc5 56. Bd1 Kd4 57. Kf1 Kd3 0-1

[Event "Albrecht-Beer-Turnier Gera"]
[Site "Gera"]
[Date "2024.10.03"]
[Round "1.23"]
[White "Reißmann, Edmund"]
[Black "Meyner, Hannes"]
[Result "0-1"]
[WhiteElo "1713"]
[BlackElo "2016"]
[PlyCount "48"]
[EventDate "2024.10.03"]
[WhiteTeam "SV Erzgebirge Stollberg"]
[BlackTeam "SAbt TG 1949 Wehlheiden"]

1. d4 d5 2. Nf3 Bf5 3. Bf4 e6 4. e3 Nf6 5. c3 Nbd7 6. Be2 Ne4 7. Nbd2 Be7 8.
O-O g5 9. Bg3 h5 10. Nxe4 dxe4 11. Nd2 h4 12. Be5 f6 13. Bxf6 Nxf6 14. f3 O-O
15. fxe4 Nxe4 16. Nxe4 Bxe4 17. Qb3 Qd6 18. Bf3 Qc6 19. Qd1 h3 20. Rf2 hxg2 21.
Bxe4 Qxe4 22. Rxg2 Rf3 23. Kh1 Raf8 24. h3 Rxh3+ 0-1

[Event "Albrecht-Beer-Turnier Gera"]
[Site "Gera"]
[Date "2024.10.03"]
[Round "1.25"]
[White "Han, Erdem"]
[Black "Seidens, Gunter"]
[Result "0-1"]
[WhiteElo "1705"]
[BlackElo "2005"]
[PlyCount "126"]
[EventDate "2024.10.03"]
[WhiteTeam "SSV Vimaria 91 Weimar"]
[BlackTeam "VfL 1990 Gera"]

1. d4 d5 2. c4 e6 3. Nc3 Nf6 4. Nf3 Nbd7 5. Bf4 a6 6. c5 Nh5 7. Be5 Nxe5 8.
Nxe5 g6 9. e3 f6 10. Nf3 c6 11. Be2 Ng7 12. b4 Qc7 13. e4 dxe4 14. Nxe4 Be7 15.
O-O O-O 16. Qb3 Kh8 17. Rfd1 Bd7 18. a4 Be8 19. b5 g5 20. bxa6 bxa6 21. Rab1
Bg6 22. Bd3 Rfb8 23. Qa2 a5 24. g3 Rb4 25. Rxb4 axb4 26. Qb3 Rb8 27. Nfd2 e5
28. dxe5 Qxe5 29. Nc4 Qe6 30. Ned6 Bh5 31. Rb1 Qd5 32. Re1 Bd8 33. a5 Qxc5 34.
g4 Bg6 35. Bxg6 hxg6 36. Nf7+ Kh7 37. Ncd6 Qc3 38. Re3 Qxb3 39. Rxb3 Bxa5 40.
Rh3+ Nh5 41. gxh5 b3 42. hxg6+ Kxg6 43. Nh8+ Kg7 44. Nf5+ Kg8 45. Ng6 Kf7 46.
Nh8+ Ke8 47. Ng6 Kd7 48. Rh7+ Ke6 49. Nd4+ Kd6 50. Nxb3 Rxb3 51. Ne7 c5 52.
Nf5+ Kc6 53. Rf7 Bc3 54. Ne3 Bd4 55. Nc4 Kd5 56. Na5 Rb2 57. h3 Ra2 58. Nb3 Be5
59. Rf8 c4 60. Rd8+ Ke6 61. Nc5+ Kf5 62. Rd1 c3 63. Nd3 Rd2 0-1

[Event "Albrecht-Beer-Turnier Gera"]
[Site "Gera"]
[Date "2024.10.03"]
[Round "1.26"]
[White "Hoffmann, Tim"]
[Black "Nestler, Klaus"]
[Result "1-0"]
[WhiteElo "2004"]
[BlackElo "1701"]
[PlyCount "57"]
[EventDate "2024.10.03"]
[WhiteTeam "SF Greiz"]
[BlackTeam "Einheit Börnichen"]

1. e4 d5 2. exd5 Qxd5 3. Nc3 Qa5 4. Bc4 c6 5. d3 Nf6 6. Bd2 Nbd7 7. Qe2 e6 8.
O-O-O Qe5 9. Qf3 Be7 10. Bf4 Qh5 11. d4 Qxf3 12. Nxf3 Nd5 13. Nxd5 cxd5 14. Bd3
O-O 15. h4 a6 16. h5 Nf6 17. h6 g6 18. Ne5 Nd7 19. Rde1 Bd6 20. Nxg6 Bxf4+ 21.
Nxf4 Nf6 22. Re5 Kh8 23. Rg5 Rg8 24. Rxg8+ Kxg8 25. Rh3 Bd7 26. Rg3+ Kf8 27.
Rg7 Ke7 28. Bxh7 Rh8 29. Ng6+ 1-0

[Event "Albrecht-Beer-Turnier Gera"]
[Site "Gera"]
[Date "2024.10.03"]
[Round "1.27"]
[White "Lopez Grande, Alberto"]
[Black "Röhl, Rainer"]
[Result "0-1"]
[WhiteElo "1700"]
[BlackElo "2001"]
[PlyCount "74"]
[EventDate "2024.10.03"]
[BlackTeam "SSC Graal-Müritz"]

1. e4 c5 2. d4 cxd4 3. c3 Nf6 4. e5 Nd5 5. Bc4 Nb6 6. Bb3 Nc6 7. Nf3 g6 8. O-O
Bg7 9. cxd4 O-O 10. Nc3 d6 11. Re1 Bg4 12. exd6 Qxd6 13. Be3 Na5 14. Ne4 Qd8
15. Neg5 Nxb3 16. Qxb3 Qd5 17. Qxd5 Nxd5 18. h3 Bf5 19. g4 Bc2 20. Rac1 Rac8
21. Ne5 f6 22. Ne6 fxe5 23. Nxf8 Kxf8 24. dxe5 Nxe3 25. Rxe3 Bh6 26. f4 Bxf4
27. Rf3 g5 28. Rf2 Bf5 29. Rxc8+ Bxc8 30. Rc2 Bd7 31. Re2 Kf7 32. Kf2 Ke6 33.
Rc2 Bxe5 34. Ke3 Bc6 35. b3 Kd6 36. Rf2 Bf4+ 37. Kd3 e5 0-1

[Event "Albrecht-Beer-Turnier Gera"]
[Site "Gera"]
[Date "2024.10.03"]
[Round "1.28"]
[White "Schmidt, Matthias"]
[Black "Meyer, Jessica"]
[Result "1-0"]
[WhiteElo "1993"]
[BlackElo "1697"]
[PlyCount "97"]
[EventDate "2024.10.03"]
[WhiteTeam "TSG Apolda"]
[BlackTeam "SV Motor Zeitz"]

1. e4 a6 2. d4 b5 3. c4 b4 4. Be3 Bb7 5. f3 e6 6. Bd3 a5 7. Ne2 d6 8. O-O Nd7
9. f4 c5 10. d5 e5 11. Ng3 Ngf6 12. fxe5 Nxe5 13. Bg5 Ned7 14. Nh5 h6 15. Bxf6
Nxf6 16. Qf3 Qe7 17. Nxf6+ Qxf6 18. Qxf6 gxf6 19. Nd2 Bg7 20. Rab1 Bc8 21. Nf3
Bd7 22. Nh4 a4 23. Rf3 Ke7 24. h3 h5 25. Rbf1 Raf8 26. Kh2 Rhg8 27. Bc2 Ra8 28.
Bd1 Rh8 29. R1f2 Rh6 30. Rg3 Kf8 31. Kh1 Bh8 32. Rgf3 Ke7 33. Rf5 Rh7 34. Rxh5
Rxh5 35. Bxh5 a3 36. b3 Bg7 37. Bg4 Rh8 38. g3 Bxg4 39. hxg4 Kd7 40. Kg2 Rg8
41. Rf5 Ke7 42. Rh5 Bf8 43. Kf3 Ke8 44. Nf5 Kd7 45. Rh7 Ke8 46. Kf4 Rg5 47. Rh8
Rxf5+ 48. Kxf5 Ke7 49. Rxf8 1-0

[Event "Albrecht-Beer-Turnier Gera"]
[Site "Gera"]
[Date "2024.10.03"]
[Round "1.29"]
[White "Barbas, Fernando"]
[Black "Sechting, Martin"]
[Result "0-1"]
[WhiteElo "1693"]
[BlackElo "1988"]
[PlyCount "112"]
[EventDate "2024.10.03"]
[BlackTeam "SC Weisse Dame"]

1. e4 Nf6 2. e5 Nd5 3. Nc3 e6 4. Nf3 Nxc3 5. dxc3 d5 6. Bd3 c5 7. b3 Qa5 8. O-O
Nc6 9. Bd2 c4 10. bxc4 dxc4 11. Bxc4 Nxe5 12. Bb3 Bd7 13. Re1 Nxf3+ 14. Qxf3
Bc6 15. Qg3 O-O-O 16. Rad1 Bd6 17. Bf4 Bxf4 18. Qxf4 Qc7 19. Qg4 Rxd1 20. Rxd1
Rd8 21. Rd4 Rxd4 22. cxd4 Qa5 23. h3 g6 24. Qf4 Qc7 25. Qe5 Qxe5 26. dxe5 b5
27. f4 a5 28. c3 Kc7 29. Kf2 Kb6 30. g3 Kc5 31. Ke3 b4 32. cxb4+ Kxb4 33. Kd4
a4 34. Bc4 Bg2 35. h4 h5 36. Bd3 Ka3 37. Bb5 Kb4 38. Be8 a3 39. Bxf7 Bd5 40.
Bxg6 Bxa2 41. Bc2 Bd5 42. Bb1 Bc4 43. Ke3 Kc3 44. g4 Kb2 45. gxh5 Kxb1 46. h6
a2 47. h7 a1=Q 48. h8=Q Qc3+ 49. Kf2 Qd2+ 50. Kg3 Qd3+ 51. Kg4 Qg6+ 52. Kf3
Bd5+ 53. Ke2 Qe4+ 54. Kd2 Qxf4+ 55. Kc3 Kc1 56. Qc8 Qd2# 0-1